00509nam a22001457a 4500008004100000040005500041080002200096100003500118245008800153260004500241300001000286365001500296650002200311653003000333230410b |||||||| |||| 00| 0 eng d aNational Science LibrarycNational Science Library a338.924(1-77)bK91 aSingh, Kumar Ramchandra Prasad aState and industrialisation of developing countries with special reference to India aDelhi: bSterling Publishers Ltd, c1969 a146p. b15.00cINR aIndustrialisation aUnder developed countries